|
|
|
|
| LEADER |
00000nab a2200000 a 4500 |
| 001 |
vtls000615168 |
| 003 |
SK-MaSNL |
| 005 |
20260304100634.0 |
| 008 |
250425c1997 xo 0 slo |
| 015 |
|
|
|a SNBRB19rr/mm-uuuuu
|
| 035 |
|
|
|a CL0615307
|
| 035 |
|
|
|a urn:nbn:sk:snk-abg4t
|
| 035 |
|
|
|a (urnnbn)urn:nbn:sk:snk:ar-002n3x
|
| 035 |
|
|
|a (uuid)ba3aa1aa-74b9-4b58-8042-880032d9e263
|
| 040 |
|
|
|a SNKBUCL
|b slo
|c SNKBUCL
|e AACR2
|
| 041 |
0 |
|
|a hun
|
| 044 |
|
|
|a xo
|c SK
|
| 080 |
|
|
|a 82.09:894.511-3(048)
|2 1981
|
| 080 |
|
|
|a 894.511-3(048)
|2 1981
|
| 100 |
1 |
|
|a Bžoch, Jozef,
|d 1926-2018
|4 aut
|9 13856
|
| 245 |
1 |
0 |
|a Két méltatás Polcz Alaine szlovákul megjelent könyvéről
|c Jozef Bžoch, Jana Juráňová ; Ford. H.T.I., László Gyurovszky
|
| 650 |
0 |
7 |
|a prózy spomienkové
|2 snkbucl
|9 900278
|
| 655 |
|
7 |
|a články z novín a časopisov
|2 snkbucl
|9 267496
|
| 700 |
1 |
|
|a H.T.I.
|4 trl
|9 1394859
|
| 700 |
1 |
|
|a Juráňová, Jana,
|d 1957-
|4 aut
|9 85434
|
| 700 |
1 |
|
|a Gyurovszky, László
|4 aut
|9 792357
|
| 700 |
1 |
|
|a Polcz, Alaine,
|d 1922-2007
|4 aut
|9 118369
|
| 773 |
0 |
|
|t Kalligram
|g Č. 1 (1997), s. 97-100
|
| 787 |
0 |
8 |
|i Rec.:
|a Polcz, Alaine
|t Žena na fronte
|d Bratislava : Kalligram, 1996
|
| 850 |
|
|
|a Slovenská národná knižnica
|
| 852 |
|
|
|a Slovenská národná knižnica
|
| 958 |
|
|
|a article27
|
| 958 |
|
|
|a OND
|
| 958 |
|
|
|a HU
|
| 958 |
|
|
|a LX
|
| 958 |
|
|
|a SK
|
| 958 |
|
|
|a RK
|
| 992 |
|
|
|a RBX
|
| 999 |
|
|
|c 2839002
|d 2840932
|